Normal view
MARC view
- Conforto, Thomas Gabriel
Entry Nombre Personal
001 - NUMERO DE CONTROL
- campo de control: 46786
003 - IDENTIFICADOR DE NUMERO DE CONTROL
- campo de control: UPN
005 - FECHA Y HORA DE LA ÜLTIMA TRANSACCIÓN
- campo de control: 20220926185946.0
008 - DATOS DE LONGITUD FIJA
- campo de control de longitud fija: 220926ng acannaabn n aaa d
040 ## - FUENTE DE CATALOGACIÓN
- Agencia original de catalogación: UPN
100 1# - ENCABEZAMIENTO - NOMBRE PERSONAL
- Nombre personal: Conforto, Thomas Gabriel
670 ## - FUENTE EN LA QUE SE LOCALIZARON DATOS
- Cita de la fuente: T
- Información localizada: Isabel II, Reina de España (1830-1904)
680 ## - NOTA PUBLICA DE ACCESO PÚBLICO
- Frase explicativa de la referencia: Traductor
902 ## - CATALOGADOR
- Catalogador: CAA/260922
